Central Library OPAC University of Rajshahi

Law of compromises, being comprehensive in scope, and exhaustive in treatment of all conceivable topics arising out of compromises ... (Record no. 4783)

MARC details
000 -LEADER
fixed length control field 00725cam a22002297 4500
001 - CONTROL NUMBER
control field 4783
003 - CONTROL NUMBER IDENTIFIER
rucl marc code BD-RjUL
005 - DATE AND TIME OF LATEST TRANSACTION
control field 20211208233944.0
008 - FIXED-LENGTH DATA ELEMENTS--GENERAL INFORMATION
fixed length control field 131223s1953 ii 001 0 eng
035 ## - SYSTEM CONTROL NUMBER
System control number (BD-RjUL)4818
040 ## - CATALOGING SOURCE
Original cataloging agency DLC
Transcribing agency DLC
Modifying agency DLC
-- BD-RjUL
Language of cataloging eng
041 ## - LANGUAGE CODE
Language code of text/sound track or separate title eng
082 ## - DEWEY DECIMAL CLASSIFICATION NUMBER
Edition number 347
Author mark and year ANL
100 1# - MAIN ENTRY--PERSONAL NAME
Personal name Anand, R. L.
Fuller form of name (Ram Lal),
Dates associated with a name 1890-
9 (RLIN) 14595
245 00 - TITLE STATEMENT
Title Law of compromises, being comprehensive in scope, and exhaustive in treatment of all conceivable topics arising out of compromises ...
Remainder of title With suppl. up to 1953.
260 ## - PUBLICATION, DISTRIBUTION, ETC. (IMPRINT)
Place of publication, distribution, etc. Allahabad :
Name of publisher, distributor, etc. Law Book Co. ,
Date of publication, distribution, etc. 1953.
300 ## - PHYSICAL DESCRIPTION
Pagination 288 p. ;
Size 22 cm.
504 ## - BIBLIOGRAPHY, ETC. NOTE
Bibliography, etc includes index.
942 ## - ADDED ENTRY ELEMENTS (KOHA)
Source of classification or shelving scheme Dewey Decimal Classification
Koha item type Books
Holdings
Lost status Source of classification or shelving scheme Damaged status Not for loan Collection code Permanent Location Current Location Shelving location Date acquired Source of acquisition Cost, normal purchase price Total Checkouts Full call number Date last seen Copy number Koha item type
  Dewey Decimal Classification   Not For Loan Non-fiction Central Library, University of Rajshahi Central Library, University of Rajshahi   12/07/1955 Law Book com. 12.80   347 ANL 1953 23/12/2013 C-1 Books